00453nam a2200169Ia 4500008004100000082001300041082001400054100002300068245003400091260003000125260000700155300000700162600002300169630003400192700002300226730003400249151121s9999||||xx |||||||||||||| ||und|| a910 /Pan bHNW-66546 aPanikkar K। M। 4aThe Himalayas In Indian Life b"Bharatiya Vidya Bhavan," c-- a39 aPanikkar K। M। aThe Himalayas In Indian Life aPanikkar K। M। aThe Himalayas In Indian Life